[Event "Roncana op-C 10th"]
[Site "Santa Eulalia de Roncana"]
[Date "2016.10.01"]
[Round "2"]
[White "Arevalo Morell, Arnau"]
[Black "Polo Sanchez, Adrian"]
[Result "1-0"]
[WhiteElo "1422"]
[BlackElo "1310"]
[PlyCount "163"]
[EventDate "2016.09.24"]
[EventType "swiss"]
[EventRounds "8"]
[EventCountry "ESP"]
[SourceTitle "EXT 2018"]
[Source "ChessBase"]
[SourceDate "2017.10.13"]
[SourceVersion "1"]
[SourceVersionDate "2017.10.13"]
[SourceQuality "1"]

1. e4 e5 2. Nf3 d6 3. Nc3 Nf6 4. Bc4 Bg4 5. 0-0 Be7 6. d3 0-0 7. Bg5 h6 8. Be3 Nc6 9. Nd5 Nxd5 10. Bxd5 Nb4 11. Bxb7 Qb8 12. Bxa8 Qxa8 13. h3 Bh5 14. g3 Qc6 15. c3 Na6 16. Kh2 Qd7 17. Kg2 Qe6 18. Rh1 Qf6 19. Rc1 Bxf3+ 20. Qxf3 Qxf3+ 21. Kxf3 Bg5 22. Bxg5 hxg5 23. h4 gxh4 24. Rxh4 Rb8 25. Rch1 Kf8 26. Rh8+ Ke7 27. Rxb8 Nxb8 28. d4 exd4 29. cxd4 Nc6 30. d5 Nd4+ 31. Ke3 Nc2+ 32. Kf4 Nb4 33. a3 Nd3+ 34. Ke3 Nxb2 35. Kd4 f6 36. f4 g5 37. Rh7+ Kf8 38. Rxc7 gxf4 39. gxf4 a5 40. Rc6 Ke7 41. e5 dxe5+ 42. fxe5 fxe5+ 43. Kxe5 Kd7 44. Ra6 Nc4+ 45. Kf5 Nxa3 46. Rxa5 Nc4 47. Ra6 Ne3+ 48. Ke4 Nc4 49. Rc6 Na5 50. Ra6 Nb7 51. Ra7 Kc7 52. d6+ Kc8 53. Ke5 Kb8 54. Ra6 Nd8 55. d7 Kc7 56. Ra7+ Kb8 57. Ra6 Kc7 58. Rd6 Kb7 59. Rd5 Kc6 60. Rd6+ Kc7 61. Rd2 Kc6 62. Rd6+ Kc7 63. Rd2 Kc6 64. Kf6 Kc7 65. Ke7 Nc6+ 66. Ke8 Nd8 67. Rc2+ Nc6 68. Rxc6+ Kxc6 69. d8Q Kc5 70. Ke7 Kc4 71. Qd6 Kc3 72. Qd5 Kb4 73. Qc6 Kb3 74. Qc5 Ka4 75. Qb6 Ka3 76. Qb5 Ka2 77. Qb4 Ka1 78. Kd6 Ka2 79. Kc5 Ka1 80. Kc4 Ka2 81. Kc3 Ka1 82. Qb2# 1-0